|
|
|
|
| LEADER |
00000ny a22000003n 4500 |
| 005 |
20110511123241.0 |
| 008 |
750727c1949 dcubx p 0 a0eng d |
| 022 |
0 |
|
|a 0379-0940
|
| 035 |
|
|
|a 2952
|
| 040 |
|
|
|a UCA
|d vLex
|
| 090 |
|
|
|c 1654
|d 1654
|
| 245 |
3 |
0 |
|a Amřicas
|h [Recurso electrn̤ico]
|
| 250 |
|
|
|a English ed.
|
| 256 |
|
|
|a Servicio en ln̕ea
|
| 260 |
|
|
|a [Washington]:
|b [Organization of American States]
|
| 310 |
|
|
|a Bimensual
|
| 506 |
1 |
|
|a Contenido solo disponible en los productos indicados
|d vLex Global
|d vLex Global (Academic Edition, excluding Law Schools)
|d vLex Global (Academic Edition, Law Schools)
|
| 651 |
|
4 |
|a Amřica
|x Publicaciones perid̤icas
|
| 710 |
2 |
|
|a Organization of American States
|
| 740 |
0 |
|
|a vLex Revista (Servicios en ln̕ea)
|
| 780 |
0 |
3 |
|t Bulletin of the Pan American Union
|
| 843 |
|
|
|a Electrn̤ica. Abierta
|
| 853 |
|
|
|8 1
|i (year)
|j (month)
|k (day)
|
| 856 |
4 |
0 |
|z Acceso restringido
|u http://vlex.com/account/login_ip?fuente_id=2952
|
| 942 |
|
|
|c REV
|
| 999 |
|
4 |
|a Amřica latina
|v Publicaciones perid̤icas.
|
| 999 |
|
4 |
|a America
|v Publicaciones perid̤icas.
|